000 00942cam a2200277 a 4500
001 1599148
005 20240214044758.0
008 941109s1995 nyu b 001 0 eng
020 _a0898628512 (acidfree paper)
020 _a1572301457 (pbk)
040 _aDLC
_cDLC
_dDLC
082 0 0 _a320.
_220
_bSTE.
100 1 _aBest, Steven.
245 1 4 _aThe politics of historical vision :
_bMarx, Foucault, Habermas /
_cSteven Best.
260 _aNew York :
_bGuilford Press,
_c1995.
300 _axx, 294 p. ;
490 1 _aCritical perspectives
650 0 _aPostmodernism
650 0 _aPolitical science
650 0 _aHistory
856 4 2 _uhttp://www.loc.gov/catdir/bios/guilford051/94044894.html
856 4 2 _uhttp://www.loc.gov/catdir/description/guilford051/94044894.html
856 4 1 _uhttp://www.loc.gov/catdir/toc/guilford041/94044894.html
856 4 1 _uhttp://www.loc.gov/catdir/enhancements/fy0651/94044894-s.html
942 _cL
999 _c385
_d385